Discurso leído en la Universidad de Salamanca en la solemne inauguración del Curso académico de 1892 á 93 / (Record no. 39563)

MARC details
000 -LEADER
campo de control de longitud fija 00787nam a2200193 i 4500
001 - NÚMERO DE CONTROL
campo de control 39563
003 - IDENTIFICADOR DE NÚMERO DE CONTROL
campo de control ES-MaACL
005 - FECHA Y HORA DE LA ÚLTIMA TRANSACCIÓN
campo de control 20250812075345.0
007 - CAMPO FIJO DE DESCRIPCIÓN FÍSICA--INFORMACIÓN GENERAL
campo de control de longitud fija t|
008 - DATOS DE LONGITUD FIJA--INFORMACIÓN GENERAL
campo de control de longitud fija 030303s1892 sp ||||1| spa d
100 1# - ENTRADA PRINCIPAL--NOMBRE DE PERSONA
Nombre de persona Cano y Rodríguez Cairo, Rafael.
9 (RLIN) 34581
245 10 - MENCIÓN DEL TÍTULO
Título Discurso leído en la Universidad de Salamanca en la solemne inauguración del Curso académico de 1892 á 93 /
Mención de responsabilidad, etc. por Rafael Cano y Rodríguez Cairo.
260 ## - PUBLICACIÓN, DISTRIBUCIÓN, ETC.
Lugar de publicación, distribución, etc. Salamanca :
Nombre del editor, distribuidor, etc. [s.n.],
Fecha de publicación, distribución, etc. 1892.
300 ## - DESCRIPCIÓN FÍSICA
Extensión 67 p. ;
Dimensiones 31 cm.
500 ## - NOTA GENERAL
Nota general Tema del discurso: "Los extravíos y rebajamiento del arte moderno en correlación con las últimas fases del pensamiento filosófico apartado del espiritualismo cristiano"
650 #7 - PUNTO DE ACCESO ADICIONAL DE MATERIA--TÉRMINO DE MATERIA
Término de materia o nombre geográfico como elemento de entrada Arte y moral
Fuente del encabezamiento o término
9 (RLIN) 150027
852 ## - LOCALIZACIÓN
Ubicación ES-MaACL
Número de control de estantería T-657-F-3
Holdings
Estatus retirado Estado de pérdida Estado de daño No para préstamo Colección Biblioteca de origen Biblioteca actual Ubicación en estantería Fecha de adquisición Fuente de adquisición Total de préstamos Signatura topográfica completa Código de barras Visto por última vez Precio de reemplazo Tipo de ítem Koha
        Colección de folletos Biblioteca del Ateneo de Madrid Biblioteca del Ateneo de Madrid Depósito folletos 17/01/2008     T-657-F-3 1041663 23/02/2023 23/02/2023 Folleto